| 000 | 00817nam a2200289Ia 4500 | ||
|---|---|---|---|
| 003 | OSt | ||
| 005 | 20221006155848.0 | ||
| 006 | a|||||r|||| 00| 0 | ||
| 007 | ta | ||
| 008 | 221006b |||||||| |||| 00| 0 eng d | ||
| 020 |
_a0870115332 _c¥2890 |
||
| 020 | _a4770010451 | ||
| 024 | _a43,703 | ||
| 037 |
_bGift, Japan Foundation _cTextual |
||
| 040 |
_aEASL _cEASL _beng |
||
| 041 |
_2eng _aeng |
||
| 082 | _aO42,3xN07, M2 | ||
| 100 |
_aINOUE Yasushi _9647584 |
||
| 245 | 0 | _aChronicle of my mother | |
| 260 |
_aTokyo _bKodansha International Japan _c1982 |
||
| 300 |
_a164p. _ccm. |
||
| 490 | _v JEL | ||
| 650 | _aJEL | ||
| 700 |
_a MOY Jean Oda Tr. _9670684 |
||
| 942 |
_hO42,3xN07, M2 _cTEXL _2CC |
||
| 999 |
_c1111789 _d1111789 |
||